Sharks / (Record no. 8290)

MARC details
000 -LEADER
fixed length control field 01088nam a22003257a 4500
001 - CONTROL NUMBER
control field 8290
003 - CONTROL NUMBER IDENTIFIER
control field FISKH
005 - DATE AND TIME OF LATEST TRANSACTION
control field 20250908144331.0
008 - FIXED-LENGTH DATA ELEMENTS--GENERAL INFORMATION
fixed length control field 250908b cb ||||| |||| 00| 0 eng d
020 ## - INTERNATIONAL STANDARD BOOK NUMBER
International Standard Book Number 9780545033077
040 ## - CATALOGING SOURCE
Original cataloging agency FISKH
Language of cataloging eng
Transcribing agency FISKH
Modifying agency FISKH
050 ## - LIBRARY OF CONGRESS CALL NUMBER
Classification number C597
082 ## - DEWEY DECIMAL CLASSIFICATION NUMBER
Classification number 597.3
100 ## - MAIN ENTRY--PERSONAL NAME
Personal name Clarke, Catriona
245 ## - TITLE STATEMENT
Title Sharks /
Statement of responsibility, etc. By Catriona Clarke : Designed by Stephen Moncrieff : Illustrated by Adam Relf
250 ## - EDITION STATEMENT
Edition statement First Scholastic printing, November 2007
260 ## - PUBLICATION, DISTRIBUTION, ETC.
Place of publication, distribution, etc. New York :
Name of publisher, distributor, etc. Scholastic ,
Date of publication, distribution, etc. 2007.
300 ## - PHYSICAL DESCRIPTION
Extent 32 pages :
Other physical details color illustrations ;
Dimensions 20 cm .
490 ## - SERIES STATEMENT
Series statement Usborne Beginners
Volume/sequential designation Level 1
505 ## - FORMATTED CONTENTS NOTE
Formatted contents note H <br/>
520 ## - SUMMARY, ETC.
Summary, etc. Describes the physical characteristics of sharks, explaining how they find food, how they are born, and why they cannot stop swimming.
521 8# - TARGET AUDIENCE NOTE
Target audience note 430 <br/>
Source Lexile estimate <br/>
521 8# - TARGET AUDIENCE NOTE
Target audience note H <br/>
Source Raz-Plus <br/>
650 ## - SUBJECT ADDED ENTRY--TOPICAL TERM
Topical term or geographic name entry element Sea life
Form subdivision Non-fiction
650 ## - SUBJECT ADDED ENTRY--TOPICAL TERM
Topical term or geographic name entry element Sciece
Form subdivision Non-fiction
650 ## - SUBJECT ADDED ENTRY--TOPICAL TERM
Topical term or geographic name entry element Ocean
Form subdivision Non-fiction
700 ## - ADDED ENTRY--PERSONAL NAME
Personal name Relf, Adam
Relator term Illustrator
942 ## - ADDED ENTRY ELEMENTS (KOHA)
Source of classification or shelving scheme Dewey Decimal Classification
Koha item type Books
Suppress in OPAC No
Holdings
Withdrawn status Lost status Source of classification or shelving scheme Damaged status Not for loan Collection Home library Current library Shelving location Date acquired Total Checkouts Full call number Barcode Date last seen Price effective from Koha item type
    Dewey Decimal Classification     Non-Fiction Footprints International School Library Network Toul Tom Poung Campus Footprints International School Library Network Toul Tom Poung Campus TTP Primary Dark Blue Bookshelves 09/08/2025   CLA 597.3 C597 FISTK00637 09/08/2025 09/08/2025 Books